banner-ar

دليل الاسرة والمعلمة فى تنمية المهارات الاجتماعية للاطفال ذوى الاعاقة البصرية / (Record no. 66695)

MARC details
000 -الفاتح
حقل البيانات ثابتة الطول 01242nam a22002897a 4500
005 - وقت وتاريخ اخر تعامل مع التسجيلة
رقم الضبط 20240530110933.0
008 - عناصر البيانات ثابتة الطول - معلومات عامة
حقل البيانات ثابتة الطول 220221s2008 ua c g b 000 0 ara d
017 ## - رقم الايداع القانونى
المصدر ( الهيئة المختصة) مصر. دار الكتب
020 ## - الرقم الدولى المعيارى للكتب
الرقم الدولى المعيارى للكتاب 9773681795
040 ## - مصدر الفهرسة
وكالة الفهرسة الأصلية EG-CaGPL
وكالة النسخ EG-CaGPL
082 04 - رقم تصنيف ديوى العشرى
رقم الطبعة 21
رقم التصنيف 362.41 /
رقم المادة ا د
100 0# - المدخل الرئيسى - إسم شخصى
الإسم الشخصى احمد احمد عواد
245 12 - بيان العنوان
العنوان دليل الاسرة والمعلمة فى تنمية المهارات الاجتماعية للاطفال ذوى الاعاقة البصرية /
بيان المسئوليه,etc تاليف احمد احمد عواد ، اشرف محمد عبدالغنى شريت
260 ## - PUBLICATION, DISTRIBUTION, ETC. (IMPRINT)
تاريخ النشر أو التوزيع 2008
300 ## - الوصف المادى
التعداد 198 ص ؛
أبعاد الوعاء 24 سم
490 ## - بيان السلسلة
عنوان السلسلة سلسلة برامج لذوى الفئات الخاصة
650 07 - المدخل الاضافى بالموضوع-مصطلح موضوعى
مصطلح موضوعي علم الاجتماع
مصدر الرأس أو المصطلح qrmak
650 07 - المدخل الاضافى بالموضوع-مصطلح موضوعى
مصطلح موضوعي المعاقون بصريا
مصدر الرأس أو المصطلح qrmak
650 07 - المدخل الاضافى بالموضوع-مصطلح موضوعى
مصطلح موضوعي الخدمة الاجتماعية
مصدر الرأس أو المصطلح qrmak
650 07 - المدخل الاضافى بالموضوع-مصطلح موضوعى
مصطلح موضوعي الحقوق والوجبات
مصدر الرأس أو المصطلح qrmak
650 07 - المدخل الاضافى بالموضوع-مصطلح موضوعى
مصطلح موضوعي الاطفال المعوقين
مصدر الرأس أو المصطلح qrmak
651 ## - المدخل الاضافى بالموضوع - اسم جغرافى
مصدر الرأس أو المصطلح qrmak
653 ## - مصطلح تكشيفى غير مقيد
مصطلح غير مقيد ذوو الهمم
700 ## - المدخل الاضافى - اسم شخصى
الإسم الشخصى اشرف محمد عبدالغنى شريت
الدور مؤلف مشارك
942 ## - عناصر المدخل الإضافي( كوها)
مصدر التصنيف او مخطط الترفيف Dewey Decimal Classification
Koha [default] item type كتاب
260 ## - PUBLICATION, DISTRIBUTION, ETC. (IMPRINT)
-- الاسكندرية :
-- مؤسسة حورس الدولية ،
Holdings
حالة التراجع حالة الفقد حالة تلف ليس للاعارة المكان المؤقت الموقع الحالى موقع الترفيف تاريخ الاكتساب اجمالي اﻻعارات رقم الطلب الباركود تاريخ اخر مشاهدة تاريخ تفعيل السعر نوع وعاء كوها
        مكتبة القاهرة الكبرى مكتبة القاهرة الكبرى ق الرئيسية_العلوم الاجتماعية_ك عربى 09/18/2022   362.41 / ا د 168487 09/18/2022 09/18/2022 كتاب

Powered By

EGPV